Social Entrepreneurship - the Chances of Growth of Job Opportunities in Slovakia

Enregistré dans:
Détails bibliographiques
Auteur principal: Mihalčová, Bohuslava, 1963-
Autres auteurs: Pružinský, Michal, 1952-
Format: Chapitre de livre
Langue:anglais
Sujets:
Tags: Ajouter un tag
Pas de tags, Soyez le premier à ajouter un tag!

MARC

LEADER 00000naa$a2200000$$$4500
001 0144528
005 20240502083334.1
041 0 |a eng 
044 |a GR 
245 1 0 |a Social Entrepreneurship - the Chances of Growth of Job Opportunities in Slovakia  |c Bohuslava Mihalčová, Michal Pružinský 
500 |a Abstrakt 
610 2 0 |a podnikanie sociálne 
610 2 0 |a zamestnanie 
610 2 0 |a Slovensko 
100 1 |a Mihalčová, Bohuslava, 1963- 
700 1 |a Pružinský, Michal, 1952-